岡山県の市町村 (2000年) - Statistics

General Stats
  • This quiz has been taken 77 times
    59 since last reset
  • The average score is 54 of 78
Answers on the Map
Answers color-coded by a green-red scale on the quiz's map according to % correct below.
 
Answer Stats
ヒント 市町村名 % Correct
岡山市おかやまし
100%
倉敷市くらしきし
100%
津山市つやまし
100%
新見市にいみし
100%
玉野市たまのし
97%
笠岡市かさおかし
97%
備前市びぜんし
97%
赤磐郡 瀬戸町せとちょう
97%
高梁市たかはしし
95%
都窪郡 早島町はやしまちょう
95%
井原市いばらし
92%
総社市そうじゃし
92%
英田郡 西粟倉村にしあわくらそん
92%
苫田郡 鏡野町かがみのちょう
89%
久米郡 久米町くめちょう
89%
和気郡 和気町わけちょう
86%
真庭郡 新庄村しんじょうそん
86%
勝田郡 勝央町しょうおうちょう
86%
勝田郡 奈義町なぎちょう
86%
英田郡 美作町みまさかちょう
86%
浅口郡 里庄町さとしょうちょう
84%
御津郡 建部町たけべちょう
81%
和気郡 日生町ひなせちょう
81%
英田郡 東粟倉村ひがしあわくらそん
81%
久米郡 久米南町くめなんちょう
81%
御津郡 御津町みつちょう
78%
邑久郡 長船町おさふねちょう
78%
小田郡 矢掛町やかげちょう
78%
吉備郡 真備町まびちょう
78%
邑久郡 邑久町おくちょう
76%
浅口郡 金光町こんこうちょう
76%
阿哲郡 哲多町てったちょう
76%
苫田郡 加茂町かもちょう
76%
邑久郡 牛窓町うしまどちょう
73%
児島郡 灘崎町なださきちょう
73%
真庭郡 勝山町かつやまちょう
73%
英田郡 英田町あいだちょう
73%
赤磐郡 山陽町さんようちょう
70%
川上郡 川上町かわかみちょう
70%
阿哲郡 哲西町てっせいちょう
70%
真庭郡 川上村かわかみそん
70%
赤磐郡 熊山町くまやまちょう
68%
和気郡 吉永町よしながちょう
68%
都窪郡 清音村きよねそん
68%
浅口郡 鴨方町かもがたちょう
68%
小田郡 美星町びせいちょう
65%
上房郡 賀陽町かようちょう
65%
真庭郡 久世町くせちょう
65%
浅口郡 寄島町よりしまちょう
62%
川上郡 成羽町なりわちょう
62%
真庭郡 落合町おちあいちょう
62%
英田郡 大原町おおはらちょう
62%
久米郡 柵原町やなはらちょう
62%
御津郡 加茂川町かもがわちょう
59%
後月郡 芳井町よしいちょう
59%
久米郡 旭町あさひちょう
59%
都窪郡 山手村やまてそん
57%
浅口郡 船穂町ふなおちょう
57%
苫田郡 上齋原村かみさいばらそん
57%
勝田郡 勝田町かつたちょう
57%
赤磐郡 赤坂町あかさかちょう
54%
赤磐郡 吉井町よしいちょう
54%
上房郡 北房町ほくぼうちょう
51%
英田郡 作東町さくとうちょう
51%
上房郡 有漢町うかんちょう
49%
苫田郡 富村とみそん
49%
苫田郡 阿波村あばそん
49%
和気郡 佐伯町さえきちょう
43%
真庭郡 美甘村みかもそん
43%
久米郡 中央町ちゅうおうちょう
43%
真庭郡 湯原町ゆばらちょう
41%
川上郡 備中町びっちゅうちょう
38%
阿哲郡 大佐町おおさちょう
38%
阿哲郡 神郷町しんごうちょう
38%
勝田郡 勝北町しょうぼくちょう
38%
真庭郡 八束村やつかそん
35%
真庭郡 中和村ちゅうかそん
32%
苫田郡 奥津町おくつちょう
32%
No matching quizzes found
Score Distribution
Percent of People with Each Score
Percentile by Number Answered
Your Score History
You have not taken this quiz since the last reset